000
00302nam a2200133Ia 4500
005
20251222155145.0
008
251222s9999||||xx |||||||||||||| ||spa||
082
_a
MEQ. 33.10
100
_a
BETANCUR S.
245
0
_a
Neumología 3era. Edición
250
_a
3ra. ed.
264
_b
CIB
942
_c
LIB
999
_c
39330
_d
39330